000 00746nam a2200229 a 4500
003 PILC
005 20150112093430.0
008 100726s19uu xx 00 eng d
020 _a0072260815
050 _aQA 76.9.A25
_b.M428 2005
082 _aCSFr 005.8
_bM13 2005
100 _aMcClure, Stuart.
_99720
245 _aHacking exposed : Network security secrets and solutions /
_cStuart Mcclure, Joel Scambray, George Kurtz.
250 _a5th ed.
260 _aEmeryville, California :
_bMcGraw-Hill / Osborne,
_c2005.
300 _a692 pages :
_billustration ;
_c23 cm.
650 _aNetworks - security
_99721
650 _aComputer security
_99722
700 _aScambray, Joel
_99723
700 _aKurtz, George
_99724
942 _2lcc
_cBK
999 _c14324
_d14324